000
00299nam a2200145Ia 4500
005
20260513122053.0
020
_a
9783030542580
100
_a
Skiena
365
_c
€
365
_b
28.00
942
_c
BK
245
_a
The Algorithm Design Manual 3/e
260
_b
Springer
999
_c
92
_d
92